[Event "II Weekend Val Bisagno"]
[Site "Genova ITA"]
[Date "2001.11.??"]
[Round "2"]
[White "Del Noce, Roberto"]
[Black "Durdevic, Radoslav"]
[Result "0-1"]
[WhiteElo "1666"]
[BlackElo "2136"]
[PlyCount "128"]
[EventDate "2001.11.03"]

1. e4 c5 2. Nf3 Nc6 3. d4 cxd4 4. Nxd4 d6 5. c4 Nf6 6. Nc3 g6 7. Be2 Bg7 8. Be3
Bd7 9. O-O O-O 10. Qd2 Ng4 11. Bxg4 Bxg4 12. f3 Bd7 13. Nd5 a6 14. Rfd1 Ne5 15.
b3 f6 16. Rac1 e6 17. Nf4 Qe7 18. Nd3 Bc6 19. Nxe5 dxe5 20. Nxc6 bxc6 21. Qd6
Qe8 22. Qd7 a5 23. Qxe8 Rfxe8 24. Bb6 Bf8 25. c5 a4 26. b4 Bh6 27. Rc3 Bf8 28.
Ba5 f5 29. Rd7 Re7 30. Rcd3 Rxd7 31. Rxd7 Bxc5+ 32. Kf1 Bd4 33. Bd8 fxe4 34.
fxe4 Rb8 35. Be7 Bc3 36. a3 Bd4 37. Ke2 Rb5 38. Rc7 Kf7 39. Bd6+ Kf6 40. Rxh7
g5 41. Rc7 Rb6 42. Rc8 Ra6 43. Rf8+ Kg6 44. g4 Bb2 45. Rg8+ Kf6 46. Rf8+ Kg7
47. Re8 Ra7 48. Rc8 Bxa3 49. Rxc6 Bb2 50. b5 Kf6 51. Rc7 Ra5 52. b6 Rb5 53. Ra7
Bd4 54. Be7+ Kg6 55. Rxa4 Rxb6 56. Ra2 Rb3 57. h4 Rh3 58. Ra3 Rxh4 59. Rg3 Rh7
60. Ba3 Rb7 61. Rd3 Rc7 62. Kd1 Rf7 63. Rd2 Rf4 64. Rg2 Rxe4 0-1

[Event "II Weekend Val Bisagno"]
[Site "Genova ITA"]
[Date "2001.11.??"]
[Round "2"]
[White "Finocchiaro, Lorenzo"]
[Black "Gardini, Enrico"]
[Result "1-0"]
[WhiteElo "1708"]
[BlackElo "1563"]
[PlyCount "95"]
[EventDate "2001.11.03"]

1. d4 g6 2. Nf3 Bg7 3. Bf4 Nf6 4. e3 d6 5. h3 Nbd7 6. Be2 Nd5 7. Bh2 N7f6 8. c4
Nb6 9. Nc3 O-O 10. O-O Re8 11. Qb3 Be6 12. Ng5 Bd7 13. c5 Nbd5 14. Nxd5 Nxd5
15. Qxd5 e6 16. Nxf7 exd5 17. Nxd8 Raxd8 18. cxd6 cxd6 19. Bf3 Bc6 20. Rfc1 h5
21. b4 a6 22. a4 Kf8 23. Bf4 Ke7 24. Rc3 Bf6 25. Be2 Kd7 26. b5 Bxd4 27. bxc6+
bxc6 28. exd4 Rxe2 29. Rg3 Rf8 30. Be3 Rf6 31. Rf3 Rxf3 32. gxf3 Rb2 33. Kg2
Ke6 34. Kg3 Rb8 35. Kh4 Kf5 36. Rc1 Rc8 37. a5 Rc7 38. Kg3 Rc8 39. h4 Rc7 40.
Bf4 Ke6 41. Re1+ Kd7 42. Rb1 c5 43. Rb6 Rc6 44. Rxc6 Kxc6 45. Bd2 Kd7 46. Kf4
Ke7 47. Kg5 Kf7 48. f4 1-0

[Event "II Weekend Val Bisagno"]
[Site "Genova ITA"]
[Date "2001.11.??"]
[Round "2"]
[White "Meo, Valerio"]
[Black "Pugliese, Giuseppe"]
[Result "0-1"]
[WhiteElo "1443"]
[BlackElo "1545"]
[PlyCount "128"]
[EventDate "2001.11.03"]

1. d4 Nf6 2. f4 e6 3. Nf3 c5 4. c3 Nc6 5. e3 a6 6. Bd3 h6 7. O-O Be7 8. Bd2 b5
9. Be1 cxd4 10. cxd4 Nd5 11. Qe2 d6 12. a3 Rb8 13. b4 O-O 14. Be4 Bf6 15. Nc3
Nxc3 16. Bxc3 Ne7 17. Rac1 Nd5 18. Bd2 Ne7 19. Rc2 d5 20. Bd3 Bb7 21. Rfc1 Rc8
22. Rc5 Rxc5 23. bxc5 Nc6 24. Rb1 Be7 25. Qe1 Qd7 26. Ba5 Bd8 27. Bd2 f6 28.
Qg3 Ne7 29. Nh4 f5 30. Nf3 Nc6 31. Be2 Qe7 32. Be1 Kh8 33. Nh4 Qxh4 34. Qxh4
Bxh4 35. Bxh4 Na5 36. Be7 Rg8 37. h4 Nc4 38. Bxc4 dxc4 39. a4 Be4 40. Rb4 Bc6
41. axb5 axb5 42. Kf2 Ra8 43. Rb2 c3 44. Rc2 b4 45. d5 Bxd5 46. c6 Be4 47. Rc1
Ra2+ 48. Kg3 Bxc6 49. Bxb4 Rxg2+ 50. Kh3 c2 51. Re1 Be4 52. Ba3 Rd2 53. Rc1 Rd1
54. Kh2 Kh7 55. Kg3 Kg6 56. Kf2 Rd2+ 57. Ke1 Rh2 58. Bf8 Kh5 59. Be7 Kg4 60.
Bf8 Kf3 61. Bd6 Rxh4 62. Kd2 Kg2 63. Re1 Rh1 64. Re2+ Kf3 0-1

[Event "II Weekend Val Bisagno"]
[Site "Genova ITA"]
[Date "2001.11.??"]
[Round "3"]
[White "Astengo, Marcello"]
[Black "Finocchiaro, Lorenzo"]
[Result "1-0"]
[WhiteElo "2076"]
[BlackElo "1708"]
[PlyCount "59"]
[EventDate "2001.11.03"]

1. d4 g6 2. c4 Bg7 3. Nc3 Nf6 4. e4 d6 5. f3 O-O 6. Bg5 h6 7. Bh4 Nc6 8. Nge2
e5 9. d5 Ne7 10. Qd2 Nh7 11. g4 Bd7 12. Bf2 a6 13. Ng3 f5 14. gxf5 gxf5 15. Nh5
Ng5 16. Bg2 fxe4 17. Nxe4 Nxe4 18. fxe4 Ng6 19. O-O-O Rf7 20. Be3 Bg4 21. Nxg7
Kxg7 22. Bxh6+ Kh7 23. Rdf1 Rxf1+ 24. Rxf1 Qg8 25. Bf3 Bxf3 26. Rxf3 c6 27. Bg5
Rc8 28. Qf2 Rc7 29. Rh3+ Kg7 30. Qf6# 1-0

[Event "II Weekend Val Bisagno"]
[Site "Genova ITA"]
[Date "2001.11.??"]
[Round "3"]
[White "Gerbi, Marco"]
[Black "Bertone, Carmelo"]
[Result "1/2-1/2"]
[WhiteElo "1600"]
[BlackElo "1543"]
[PlyCount "134"]
[EventDate "2001.11.03"]

1. e4 e5 2. Nf3 Nc6 3. Bc4 Bc5 4. O-O Nf6 5. d3 O-O 6. Bg5 Be7 7. a3 a5 8. Nc3
d6 9. h3 Be6 10. Bxe6 fxe6 11. Qe2 Nh5 12. Bxe7 Qxe7 13. g3 Qf7 14. Ng5 Qf6 15.
Qg4 Nd4 16. Rac1 Qxg5 17. Qxg5 Nf3+ 18. Kg2 Nxg5 19. Nb5 c6 20. Nxd6 b5 21. Nb7
Rf7 22. Nc5 b4 23. a4 g6 24. Rcd1 Ng7 25. f3 h5 26. h4 Nh7 27. Nb3 Nf6 28. Nd2
Nd7 29. Nc4 Kf8 30. d4 exd4 31. Rxd4 e5 32. Rd6 Nc5 33. b3 Rd7 34. Rxc6 Nce6
35. Rf2 Rc7 36. Rd6 Ke7 37. Rd5 Rc5 38. Rxe5 Rxe5 39. Nxe5 Kf6 40. Nc4 g5 41.
hxg5+ Nxg5 42. e5+ Ke6 43. Rd2 Nf5 44. Rd3 h4 45. gxh4 Nxh4+ 46. Kf2 Rf8 47.
Rd6+ Ke7 48. Rf6 Rxf6 49. exf6+ Kxf6 50. Nxa5 Nhxf3 51. Ke3 Ne1 52. Kd2 Nef3+
53. Kc1 Nd4 54. Kd2 Nxc2 55. Kd3 Ke6 56. Kc4 Kd7 57. Nb7 Ne6 58. Kb5 Nc7+ 59.
Kc4 Kc6 60. Nd8+ Kb6 61. Nf7 Ka5 62. Ne5 Na8 63. Nc6+ Kb6 64. Nxb4 Nxb4 65.
Kxb4 Ka6 66. Ka3 Nb6 67. b4 Nd5 1/2-1/2

[Event "II Weekend Val Bisagno"]
[Site "Genova ITA"]
[Date "2001.11.??"]
[Round "3"]
[White "Maiori, Nicola"]
[Black "Cirabisi, Federico"]
[Result "0-1"]
[WhiteElo "1699"]
[BlackElo "2133"]
[PlyCount "104"]
[EventDate "2001.11.03"]

1. e4 Nf6 2. Nc3 d5 3. exd5 c6 4. dxc6 e5 5. d3 Bc5 6. Bg5 Qb6 7. Be3 Bxe3 8.
fxe3 Nxc6 9. Qc1 O-O 10. Be2 Be6 11. Nf3 Ng4 12. O-O Qxe3+ 13. Qxe3 Nxe3 14.
Rfc1 f6 15. Nd1 Nd5 16. a3 Rac8 17. b4 Nf4 18. Bf1 Bg4 19. Ne1 Nd4 20. Kf2 Bxd1
21. Rxd1 Nxc2 22. Ra2 Nd4 23. g3 Nd5 24. Rb2 Kf7 25. Bg2 Ke6 26. Rdd2 Rc3 27.
a4 Rfc8 28. Nf3 Nxf3 29. Bxf3 R8c7 30. Bd1 Ra3 31. a5 Rcc3 32. Bc2 f5 33. Bb1
Rab3 34. b5 Kd6 35. Re2 Nb4 36. d4 e4 37. Rxb3 Rxb3 38. Re1 Nd3+ 39. Bxd3 Rxd3
40. a6 bxa6 41. bxa6 Rxd4 42. Ke3 Ke5 43. Ra1 g5 44. Ra5+ Rd5 45. Ra4 f4+ 46.
gxf4+ gxf4+ 47. Ke2 f3+ 48. Ke1 Kf4 49. h4 Ke3 50. Ra1 f2+ 51. Kf1 Kf3 52. h5
e3 0-1

[Event "II Weekend Val Bisagno"]
[Site "Genova ITA"]
[Date "2001.11.??"]
[Round "3"]
[White "Pugliese, Giuseppe"]
[Black "Del Noce, Roberto"]
[Result "0-1"]
[WhiteElo "1545"]
[BlackElo "1666"]
[PlyCount "48"]
[EventDate "2001.11.03"]

1. e4 c5 2. Nc3 Nc6 3. f4 d6 4. Nf3 Nf6 5. d3 e6 6. g3 a6 7. a4 Qc7 8. Bg2 Be7
9. O-O Rb8 10. Kh1 O-O 11. e5 dxe5 12. fxe5 Ng4 13. Bf4 Ngxe5 14. Ne4 f6 15.
Qe1 b6 16. c3 Nxf3 17. Bxc7 Nxe1 18. Bxb8 Nxg2 19. Bc7 Ne3 20. Rf3 Nd5 21. Bd6
Rd8 22. Bxe7 Ndxe7 23. Nf2 Ne5 24. Rf4 Nxd3 0-1

[Event "II Weekend Val Bisagno"]
[Site "Genova ITA"]
[Date "2001.11.??"]
[Round "3"]
[White "Rivara, Massimo"]
[Black "Strazzeri, Roberto"]
[Result "1-0"]
[WhiteElo "1609"]
[BlackElo "1486"]
[PlyCount "59"]
[EventDate "2001.11.03"]

1. e4 c6 2. Nc3 d5 3. Nf3 dxe4 4. Nxe4 Bf5 5. Ng3 Bg6 6. h4 h6 7. Ne5 Nf6 8.
Nxg6 fxg6 9. Bd3 Kf7 10. Qf3 e6 11. Bc4 Bc5 12. c3 Nbd7 13. d4 Bb6 14. Ne4 Bc7
15. Bf4 Re8 16. Bxc7 Qxc7 17. g4 Kg8 18. O-O-O Nd5 19. g5 Rf8 20. Qg4 Qf4+ 21.
Qxf4 Rxf4 22. Rde1 Raf8 23. Nd6 b6 24. Bd3 Kh7 25. Rxe6 Rxf2 26. Rxg6 Kh8 27.
gxh6 Nf4 28. hxg7+ Kh7 29. gxf8=N+ Nxf8 30. Rg3+ 1-0

[Event "II Weekend Val Bisagno"]
[Site "Genova ITA"]
[Date "2001.11.??"]
[Round "4"]
[White "Finocchiaro, Lorenzo"]
[Black "Durdevic, Radoslav"]
[Result "0-1"]
[WhiteElo "1708"]
[BlackElo "2136"]
[PlyCount "99"]
[EventDate "2001.11.03"]

1. d4 d5 2. Nf3 Nf6 3. Bf4 e6 4. e3 Nbd7 5. Bd3 Be7 6. Nbd2 b6 7. h3 Bb7 8. O-O
Ne4 9. Rc1 O-O 10. c4 c5 11. cxd5 Nxd2 12. Qxd2 Bxd5 13. Qc2 h6 14. Be4 Nf6 15.
Bxd5 Qxd5 16. dxc5 Bxc5 17. Rfd1 Qh5 18. Be5 Nd5 19. Qe4 Rac8 20. a3 a5 21. Bd4
Be7 22. Qe5 Qg6 23. Nd2 Bf6 24. Qe4 Qxe4 25. Nxe4 Bxd4 26. Rxc8 Rxc8 27. Rxd4
Rc1+ 28. Kh2 Rc2 29. Rd2 Rc4 30. Nd6 Rc6 31. Nb5 Kf8 32. Kg3 Ke7 33. Kf3 Rc5
34. Nd4 Rc1 35. Rc2 Rb1 36. Nb5 f5 37. e4 fxe4+ 38. Kxe4 Re1+ 39. Kf3 Kf6 40.
Nd4 Rd1 41. Ke4 g5 42. Re2 Nf4 43. Rc2 Nxg2 44. Rc6 Re1+ 45. Kf3 Nh4+ 46. Kg3
Re4 47. Nf3 Nf5+ 48. Kg2 b5 49. Rc5 Nd6 50. Rc6 0-1

[Event "II Weekend Val Bisagno"]
[Site "Genova ITA"]
[Date "2001.11.??"]
[Round "4"]
[White "Latta, Federico"]
[Black "Strazzeri, Marco"]
[Result "1/2-1/2"]
[WhiteElo "1612"]
[BlackElo "1819"]
[PlyCount "49"]
[EventDate "2001.11.03"]

1. e4 b6 2. d4 Bb7 3. Bd3 Nf6 4. f3 e6 5. Be3 d5 6. e5 Nfd7 7. Ne2 c5 8. c3 Nc6
9. a3 Qc8 10. b4 c4 11. Bc2 b5 12. f4 g6 13. h3 a5 14. Nd2 Ne7 15. g4 h5 16.
Ng3 hxg4 17. hxg4 Rxh1+ 18. Nxh1 axb4 19. axb4 Qb8 20. Qc1 Ra7 21. Ra3 Qa8 22.
Nb1 Nc6 23. Bd2 Qb8 24. Ng3 Rxa3 25. Nxa3 1/2-1/2

[Event "II Weekend Val Bisagno"]
[Site "Genova ITA"]
[Date "2001.11.??"]
[Round "4"]
[White "Meo, Valerio"]
[Black "Bertone, Carmelo"]
[Result "1-0"]
[WhiteElo "1443"]
[BlackElo "1543"]
[PlyCount "67"]
[EventDate "2001.11.03"]

1. d4 Nf6 2. f4 d5 3. Nf3 Nc6 4. e3 a6 5. Bd3 Bg4 6. O-O e6 7. a3 Bd6 8. b3 Ne4
9. c4 Nf6 10. c5 Be7 11. Bd2 Ne4 12. Be1 b6 13. b4 a5 14. Bb5 Bxf3 15. Rxf3 Qd7
16. Qa4 Kf8 17. Bxc6 Qd8 18. Bxa8 Qxa8 19. Nc3 bxc5 20. bxc5 Nf6 21. Rb1 c6 22.
Rf2 g6 23. Rfb2 Kg7 24. h3 Nd7 25. Rb7 Nxc5 26. dxc5 Bxc5 27. Bd2 Qa6 28. Nd1
Qd3 29. Qxa5 Bxa3 30. R7b3 Qc2 31. Qxa3 Qxd2 32. Qa1+ f6 33. Rb7+ Kh6 34. Qxf6
1-0

[Event "II Weekend Val Bisagno"]
[Site "Genova ITA"]
[Date "2001.11.??"]
[Round "4"]
[White "Rivara, Massimo"]
[Black "Maiori, Nicola"]
[Result "1-0"]
[WhiteElo "1609"]
[BlackElo "1699"]
[PlyCount "94"]
[EventDate "2001.11.03"]

1. e4 e6 2. d3 b6 3. Nf3 Bb7 4. g3 Nf6 5. Bg2 Bc5 6. d4 Be7 7. e5 Nd5 8. O-O
O-O 9. h4 c5 10. c4 Nc7 11. Nc3 cxd4 12. Qxd4 Nc6 13. Qg4 f5 14. exf6 Rxf6 15.
h5 Rb8 16. Ne4 Rxf3 17. Qxf3 Ne5 18. Qe2 Nf7 19. Rd1 h6 20. Bf4 e5 21. Bd2 Ne6
22. Bc3 Qc7 23. Rd2 Rf8 24. Rad1 Bc6 25. b4 d6 26. b5 Bb7 27. Bb4 Nc5 28. Bxc5
bxc5 29. Qg4 Bxe4 30. Bxe4 Ng5 31. Bd5+ Kh8 32. f4 exf4 33. gxf4 Rxf4 34. Qg3
Qd7 35. Bg2 Rg4 36. Qd3 Qe6 37. Re2 Qf6 38. Rf1 Nh3+ 39. Qxh3 Qd4+ 40. Qe3
Rxg2+ 41. Kxg2 Qg4+ 42. Kh1 Qxh5+ 43. Rh2 Qe8 44. Re1 Qa8+ 45. Qe4 Qxe4+ 46.
Rxe4 Bf6 47. Rhe2 Kh7 1-0

[Event "II Weekend Val Bisagno"]
[Site "Genova ITA"]
[Date "2001.11.??"]
[Round "4"]
[White "Sordini, Giuseppe"]
[Black "Mentil, Renato"]
[Result "1-0"]
[WhiteElo "1555"]
[BlackElo "1452"]
[PlyCount "113"]
[EventDate "2001.11.03"]

1. e4 e5 2. Nf3 Nc6 3. Bc4 h6 4. d3 Nf6 5. a3 Na5 6. Ba2 b6 7. Nxe5 d5 8. Qf3
Be6 9. exd5 Bxd5 10. Bxd5 Qxd5 11. Qxd5 Nxd5 12. Bd2 Nb7 13. Nc3 Nf6 14. O-O
Bd6 15. Rfe1 O-O 16. Re2 Nd8 17. Rae1 Ne6 18. Nf3 a6 19. Ne4 Be7 20. Nxf6+ Bxf6
21. c3 Rad8 22. d4 c5 23. dxc5 Nxc5 24. Be3 Nd7 25. Rd2 b5 26. Red1 Nb8 27.
Rxd8 Rxd8 28. Rxd8+ Bxd8 29. Kf1 Nc6 30. Nd4 Nxd4 31. cxd4 Bc7 32. h3 f5 33. g3
Kf7 34. Ke2 Ke6 35. Kd3 h5 36. b3 g6 37. a4 Kd5 38. axb5 axb5 39. Bd2 Bb6 40.
Bc3 Bc7 41. Ke3 Bd6 42. f4 Bc7 43. Kf3 Bd6 44. Ke3 Bc7 45. Kd3 Bb6 46. Bb2 Ba7
47. Bc3 Bb6 48. Bd2 Bxd4 49. Be3 Bxe3 50. Kxe3 Kc5 51. Kd3 Kb4 52. Kc2 Ka3 53.
Kc3 b4+ 54. Kc4 Kb2 55. Kxb4 Kc2 56. Kc4 Kb2 57. b4 1-0

[Event "II Weekend Val Bisagno"]
[Site "Genova ITA"]
[Date "2001.11.??"]
[Round "4"]
[White "Strazzeri, Roberto"]
[Black "Gardini, Enrico"]
[Result "0-1"]
[WhiteElo "1486"]
[BlackElo "1563"]
[PlyCount "70"]
[EventDate "2001.11.03"]

1. e4 d5 2. exd5 Qxd5 3. Nc3 Qa5 4. d4 e6 5. Nf3 Nf6 6. Bd2 c6 7. Bd3 Qc7 8.
O-O Bd6 9. h3 Nbd7 10. Re1 Nb6 11. Bg5 Nfd5 12. Nxd5 Nxd5 13. Rc1 Bd7 14. c4
Nb4 15. a3 Nxd3 16. Qxd3 O-O 17. Bd2 Rad8 18. Bc3 Bf4 19. Rc2 Bc8 20. Bd2 g6
21. Bxf4 Qxf4 22. Re4 Qf6 23. Ne5 c5 24. d5 exd5 25. cxd5 Bf5 26. Ng4 Qg7 27.
f3 Bxe4 28. fxe4 f5 29. Nf2 fxe4 30. Nxe4 Qd4+ 31. Qxd4 cxd4 32. Rc7 Rxd5 33.
Rxb7 d3 34. Nc3 d2 35. Rxa7 Rc8 0-1

[Event "II Weekend Val Bisagno"]
[Site "Genova ITA"]
[Date "2001.11.??"]
[Round "5"]
[White "Abbondanza, Christian"]
[Black "Gerbi, Marco"]
[Result "1-0"]
[WhiteElo "1374"]
[BlackElo "1600"]
[PlyCount "119"]
[EventDate "2001.11.03"]

1. e4 e6 2. d4 d5 3. e5 Nd7 4. Bd3 c5 5. c3 Qb6 6. Ne2 cxd4 7. cxd4 Bb4+ 8.
Nbc3 a6 9. O-O Qd8 10. f4 Ne7 11. Qc2 f5 12. Be3 Ng6 13. Rf3 Be7 14. g4 Nh4 15.
Rg3 g6 16. gxf5 gxf5 17. Kh1 Nb6 18. Rag1 Ng6 19. a4 Bd7 20. a5 Nc4 21. Nxd5
Bc6 22. h3 Bxd5+ 23. Kh2 Rc8 24. Bxf5 Nxe3 25. Bxg6+ hxg6 26. Qxg6+ Kd7 27.
Rxe3 Rg8 28. Qxg8 Qxg8 29. Rxg8 Rxg8 30. Rg3 Rc8 31. Nc3 Bb3 32. Rg7 Ke8 33.
Rg8+ Bf8 34. h4 Kf7 35. Rg3 Bh6 36. Rg4 Bc2 37. Ne2 Bd1 38. Rg2 Rc2 39. Nc3
Bxf4+ 40. Kh3 Bg4+ 41. Kxg4 Rxg2+ 42. Kxf4 Rxb2 43. Ne4 Kg6 44. Nc5 Kf7 45. h5
b5 46. axb6 Rxb6 47. Kg5 Kg7 48. h6+ Kh7 49. Nd7 Rb1 50. Nf8+ Kg8 51. Nxe6 Rg1+
52. Kf6 a5 53. Nc5 Rg4 54. e6 Rxd4 55. e7 Rf4+ 56. Ke6 Rf8 57. h7+ Kxh7 58.
exf8=Q Kg6 59. Qf5+ Kh6 60. Kf6 1-0

[Event "II Weekend Val Bisagno"]
[Site "Genova ITA"]
[Date "2001.11.??"]
[Round "5"]
[White "Dormio, Luca"]
[Black "Latta, Federico"]
[Result "1/2-1/2"]
[WhiteElo "1653"]
[BlackElo "1612"]
[PlyCount "79"]
[EventDate "2001.11.03"]

1. b3 e5 2. Bb2 Nc6 3. e3 d5 4. Bb5 Bd6 5. f4 Qe7 6. Nf3 Bg4 7. h3 Bxf3 8. Qxf3
Nf6 9. Nc3 e4 10. Qf2 Kd7 11. O-O-O Ba3 12. d3 Bxb2+ 13. Kxb2 a6 14. Bxc6+ bxc6
15. dxe4 Nxe4 16. Nxe4 Qxe4 17. Rd4 Qe6 18. e4 Rhe8 19. c4 Kc8 20. cxd5 cxd5
21. exd5 Qf6 22. Rc1 Re2+ 23. Qxe2 Qxd4+ 24. Kb1 Qxd5 25. Qc2 Ra7 26. Qxh7 a5
27. Qxg7 a4 28. Qh8+ Kb7 29. Qe5 Qd7 30. Qe4+ Kb8 31. f5 axb3 32. axb3 Qd2 33.
Qc2 Qa5 34. Kb2 Qa3+ 35. Kc3 Qc5+ 36. Kd2 Qf2+ 37. Kd1 Qf1+ 38. Kd2 Qxg2+ 39.
Ke1 Qg1+ 40. Ke2 1/2-1/2

[Event "II Weekend Val Bisagno"]
[Site "Genova ITA"]
[Date "2001.11.??"]
[Round "5"]
[White "Durdevic, Radoslav"]
[Black "Astengo, Marcello"]
[Result "0-1"]
[WhiteElo "2136"]
[BlackElo "2076"]
[PlyCount "90"]
[EventDate "2001.11.03"]

1. d4 d5 2. c4 e6 3. Nc3 c6 4. e3 Nf6 5. Bd3 Nbd7 6. Nge2 dxc4 7. Bxc4 b5 8.
Bd3 a6 9. O-O Bb7 10. b3 Bd6 11. Ng3 c5 12. Be2 cxd4 13. exd4 O-O 14. Bf3 Qc7
15. Be3 Bxf3 16. Qxf3 Qa5 17. Nce4 Ba3 18. Nxf6+ Nxf6 19. Bg5 Nd5 20. Qg4 Kh8
21. Nh5 Rg8 22. Bc1 Rac8 23. Qf3 Rc7 24. h3 Rgc8 25. Qg3 Bf8 26. Qe5 Rc6 27.
Be3 Qa3 28. Nf4 Bd6 29. Qg5 Be7 30. Qh5 Nxf4 31. Bxf4 Kg8 32. Qd1 Bf6 33. Be5
Bxe5 34. dxe5 Qb2 35. Qe1 Rc2 36. Qa5 Rxf2 37. Rxf2 Qxa1+ 38. Kh2 Qxe5+ 39. g3
h5 40. h4 g5 41. Kh3 gxh4 42. Kxh4 Qe4+ 43. Rf4 Qh1+ 44. Kg5 Kg7 45. Qd2 Rc5+
0-1

[Event "II Weekend Val Bisagno"]
[Site "Genova ITA"]
[Date "2001.11.??"]
[Round "5"]
[White "Gardini, Enrico"]
[Black "Meo, Valerio"]
[Result "1-0"]
[WhiteElo "1563"]
[BlackElo "1443"]
[PlyCount "91"]
[EventDate "2001.11.03"]

1. e4 e5 2. Nf3 d6 3. Nc3 c5 4. Bc4 Be7 5. Nd5 Be6 6. d3 h6 7. Be3 Nf6 8. Nxf6+
Bxf6 9. Bxe6 fxe6 10. Nd2 O-O 11. Qg4 Kf7 12. Nc4 b6 13. f4 exf4 14. Bxf4 e5
15. Bg3 b5 16. Ne3 Bg5 17. Nd5 Kg8 18. h4 Be7 19. Qe6+ Rf7 20. Rf1 Qe8 21. Rxf7
Qxf7 22. Nxe7+ Kf8 23. Ng6+ Kg8 24. Qc8+ Kh7 25. h5 Qg8 26. Qf5 Qe8 27. Nxe5+
Kg8 28. Ng6 Nd7 29. Bxd6 Rc8 30. Ne7+ Kh8 31. Nxc8 Qxc8 32. Ke2 a6 33. Bxc5
Qxc5 34. Qxd7 Qxh5+ 35. Kd2 Qg5+ 36. Kc3 Qe5+ 37. Kb3 Qb8 38. Rf1 a5 39. Rf7
a4+ 40. Kb4 h5 41. Rxg7 Qf8+ 42. Re7 h4 43. Qd4+ Kg8 44. Qd5+ Kh8 45. Qh5+ Kg8
46. Qh7# 1-0

[Event "II Weekend Val Bisagno"]
[Site "Genova ITA"]
[Date "2001.11.??"]
[Round "5"]
[White "Maiori, Nicola"]
[Black "Evangelisti, Gianpaolo"]
[Result "1-0"]
[WhiteElo "1699"]
[BlackElo "1395"]
[PlyCount "97"]
[EventDate "2001.11.03"]

1. e4 e5 2. Nf3 d6 3. Nc3 Nf6 4. Bc4 h6 5. d4 Qe7 6. dxe5 dxe5 7. h3 Be6 8.
Bxe6 Qxe6 9. O-O a6 10. Be3 Be7 11. Nd5 Bd6 12. Nxf6+ Qxf6 13. Qd5 Nc6 14. Rad1
Rd8 15. Qb3 b6 16. Qa4 Be7 17. Rd5 O-O 18. c4 a5 19. a3 Rd6 20. Rfd1 Rfd8 21.
Nh2 Qe6 22. Nf3 f6 23. c5 Rxd5 24. exd5 Rxd5 25. Rxd5 Qxd5 26. cxb6 cxb6 27.
Bxb6 e4 28. Nd4 Nxd4 29. Qxd4 Qxd4 30. Bxd4 a4 31. Kf1 Kf7 32. Ke2 Ke6 33. Kd2
Kd5 34. Kc3 g5 35. g4 Bd8 36. b3 axb3 37. Be3 b2 38. Kxb2 Kc4 39. Kc2 Be7 40.
a4 Kb4 41. a5 Kxa5 42. Kc3 Kb5 43. Kd4 Kc6 44. Kxe4 Kd6 45. Kf5 Kd5 46. f4 Bc5
47. Bxc5 Kxc5 48. fxg5 fxg5 49. Kg6 1-0

[Event "II Weekend Val Bisagno"]
[Site "Genova ITA"]
[Date "2001.11.??"]
[Round "5"]
[White "Mentil, Renato"]
[Black "Strazzeri, Roberto"]
[Result "1-0"]
[WhiteElo "1452"]
[BlackElo "1486"]
[PlyCount "105"]
[EventDate "2001.11.03"]

1. d4 d5 2. Nc3 e6 3. b3 Nf6 4. Bb2 Bb4 5. e3 O-O 6. Bd3 Qd6 7. Nge2 Ba3 8.
Bxa3 Qxa3 9. O-O a6 10. f3 Qd6 11. e4 dxe4 12. fxe4 e5 13. d5 Bg4 14. Qd2 Nbd7
15. Ng3 Nc5 16. Be2 Qb6 17. Kh1 Bxe2 18. Qxe2 Qb4 19. Rf3 Rad8 20. Raf1 Qb6 21.
Rf5 Ncd7 22. Rg5 h6 23. Rgf5 Qd4 24. Qf3 Qd2 25. Nh5 Qxc2 26. Qg3 Nxh5 27. Rxh5
Qd2 28. Nd1 Qe2 29. Qf3 Qxf3 30. Rxf3 Nf6 31. Rxe5 c6 32. Ne3 cxd5 33. Nxd5
Nxe4 34. g3 Kh7 35. Rxe4 Rxd5 36. Re7 Rd1+ 37. Kg2 Rd2+ 38. Rf2 Rxf2+ 39. Kxf2
b5 40. Ra7 Rc8 41. Rxa6 Rc2+ 42. Kg1 f6 43. Ra5 b4 44. Rb5 Rxa2 45. Rxb4 Rb2
46. Rb7 h5 47. h4 Kh6 48. b4 g5 49. hxg5+ Kxg5 50. Rg7+ Kf5 51. Rh7 Rxb4 52.
Rxh5+ Kg4 53. Rh4+ 1-0

[Event "II Weekend Val Bisagno"]
[Site "Genova ITA"]
[Date "2001.11.??"]
[Round "5"]
[White "Strazzeri, Marco"]
[Black "Rivara, Massimo"]
[Result "1-0"]
[WhiteElo "1819"]
[BlackElo "1609"]
[PlyCount "73"]
[EventDate "2001.11.03"]

1. e4 c5 2. c3 d5 3. exd5 Qxd5 4. d4 Nf6 5. Nf3 e6 6. Na3 Qd8 7. Nc2 Nc6 8. Bg5
Be7 9. Bd3 b6 10. O-O O-O 11. Qe2 Bb7 12. Ba6 Bxa6 13. Qxa6 Nd5 14. Bxe7 Qxe7
15. Qe2 Rad8 16. Rad1 Rd7 17. Rd2 Rfd8 18. Rfd1 Nf6 19. dxc5 Rxd2 20. Rxd2 Rxd2
21. Qxd2 Qxc5 22. Nfd4 Nxd4 23. Qxd4 Qd5 24. c4 Qxd4 25. Nxd4 Kf8 26. f3 Ke8
27. Nc6 a6 28. Kf2 Nd7 29. Ke3 a5 30. Kd4 f6 31. b3 Nc5 32. Nxa5 Kd7 33. b4 e5+
34. Ke3 Ne6 35. Nb3 Kd6 36. a4 Nf4 37. a5 1-0

[Event "II Weekend Val Bisagno"]
[Site "Genova ITA"]
[Date "2001.11.??"]
[Round "6"]
[White "Astengo, Marcello"]
[Black "Bertino, Andrea"]
[Result "1-0"]
[WhiteElo "2076"]
[BlackElo "1876"]
[PlyCount "79"]
[EventDate "2001.11.03"]

1. d4 Nf6 2. c4 e6 3. Nc3 Bb4 4. Bd2 O-O 5. Nf3 c5 6. a3 Bxc3 7. Bxc3 Ne4 8.
Qc2 Nxc3 9. Qxc3 d6 10. e3 b6 11. Be2 Bb7 12. O-O Nd7 13. Rfd1 Qe7 14. Rac1 f5
15. b4 g5 16. dxc5 bxc5 17. b5 g4 18. Ne1 Rf6 19. Qd2 e5 20. Rc3 Rh6 21. g3 Rf8
22. e4 Rg6 23. exf5 Rxf5 24. Rd3 Rff6 25. Ng2 Qf8 26. Rf1 Qg7 27. Qa5 Bxg2 28.
Kxg2 Nb6 29. Re3 Qh6 30. f3 Qh3+ 31. Kg1 gxf3 32. Rexf3 Rh6 33. R1f2 Rxf3 34.
Bxf3 Qd7 35. Qd2 Qg7 36. a4 e4 37. Bxe4 Qa1+ 38. Kg2 Rh5 39. Qxd6 Qe5 40. Qf8#
1-0

[Event "II Weekend Val Bisagno"]
[Site "Genova ITA"]
[Date "2001.11.??"]
[Round "6"]
[White "Gardini, Enrico"]
[Black "Dormio, Luca"]
[Result "0-1"]
[WhiteElo "1563"]
[BlackElo "1653"]
[PlyCount "102"]
[EventDate "2001.11.03"]

1. e4 e6 2. d4 d5 3. Nc3 Bb4 4. e5 c5 5. a3 Bxc3+ 6. bxc3 Qc7 7. Qg4 f5 8. exf6
Nxf6 9. Qh4 cxd4 10. Qxd4 Nc6 11. Bb5 O-O 12. Qe3 Ne4 13. Qg3 Qxg3 14. hxg3
Nxf2 15. Rh4 Ne4 16. Bd3 Nf6 17. Nf3 e5 18. Bb5 e4 19. Nd4 Nxd4 20. cxd4 Be6
21. Bf4 Rac8 22. Kd2 a6 23. Be2 Rc6 24. Be5 Nd7 25. Bf4 h6 26. Be3 Nb6 27. Rah1
Nc4+ 28. Bxc4 Rxc4 29. Bxh6 Rf2+ 30. Ke1 Rcxc2 31. Bf4 Rxg2 32. Rh8+ Kf7 33.
Rf1 Rce2+ 34. Kd1 Rgf2 35. Rb8 Rxf1+ 36. Kxe2 Rb1 37. Bd2 Rb3 38. Bb4 Rxg3 39.
Rxb7+ Kf6 40. Rb6 a5 41. Bxa5 Rxa3 42. Bb4 Rf3 43. Bd2 Rd3 44. Be3 g5 45. Bg1
Rf3 46. Rb8 g4 47. Rf8+ Bf7 48. Rh8 g3 49. Be3 g2 50. Rh2 Rxe3+ 51. Kf2 Re2+
0-1

[Event "II Weekend Val Bisagno"]
[Site "Genova ITA"]
[Date "2001.11.??"]
[Round "6"]
[White "Latta, Federico"]
[Black "Maiori, Nicola"]
[Result "0-1"]
[WhiteElo "1612"]
[BlackElo "1699"]
[PlyCount "95"]
[EventDate "2001.11.03"]

1. e4 e6 2. d4 d5 3. Nd2 Nc6 4. Ngf3 Nge7 5. c3 dxe4 6. Nxe4 Nd5 7. Bd3 Be7 8.
O-O O-O 9. Qc2 g6 10. Re1 Nf6 11. Ng3 b6 12. Bg5 Bb7 13. h4 Ng4 14. Bxe7 Nxe7
15. Ne5 Nxe5 16. Rxe5 Nf5 17. Nxf5 exf5 18. g3 Qd7 19. Kh2 Rfe8 20. Rae1 Rxe5
21. Rxe5 Qc6 22. d5 Qd6 23. f4 Bxd5 24. h5 Kg7 25. c4 Bb7 26. Qc3 f6 27. Re1
Rd8 28. Bf1 Qc6 29. Bh3 Re8 30. Qd2 Rxe1 31. Qxe1 Kf7 32. b3 g5 33. Qg1 Qf3 34.
Qg2 Qxh5 35. Qxb7 g4 36. Qg2 Kg7 37. Qf1 Kg6 38. Qg2 h6 39. Qf1 gxh3 40. Qxh3
Qg4 41. Qg2 Kh5 42. b4 c5 43. a3 Qd1 44. Qb7 Qe2+ 45. Kg1 Kg4 46. Qg2 Qxc4 47.
Qf2 Qd4 48. Qxd4 0-1